Inostrannyje investicii - rezerv ekonomičeskogo razvitija.

Vysoká investičná činnosť je nevyhnutným predpokladom ekonomického rozvoja. Príklady vzájomnej spätosti investičnej aktivity a ekonomického rastu vo vyspelých západných krajinách, v ázijských industrializovaných krajinách i v ZSSR. Úloha zahraničného kapitálu pri vytváraní štartovacieho impulzu. Nev...

ver descrição completa

Na minha lista:
Detalhes bibliográficos
Autor principal: Pjatkin, A.
Formato: Capítulo de Livro
Idioma:russo
Assuntos:
Tags: Adicionar Tag
Sem tags, seja o primeiro a adicionar uma tag!

MARC

LEADER 00000naa a2200000 4500
001 r009844
005 20221208123054.2
041 0 |a rus 
044 |a [SU] 
245 1 0 |a Inostrannyje investicii - rezerv ekonomičeskogo razvitija.  |c A. Pjatkin 
520 |a Vysoká investičná činnosť je nevyhnutným predpokladom ekonomického rozvoja. Príklady vzájomnej spätosti investičnej aktivity a ekonomického rastu vo vyspelých západných krajinách, v ázijských industrializovaných krajinách i v ZSSR. Úloha zahraničného kapitálu pri vytváraní štartovacieho impulzu. Nevyhnutnosť jeho zapojenia do ekonomiky RF a SNŠ. Predpoklady spájania záujmov zahraničného investora a prijímajúcej krajiny. 
610 2 0 |a investície zahraničné 
610 2 0 |a rozvoj hospodársky 
610 2 0 |a kapitál zahraničný 
610 2 0 |a Spoločenstvo nezávislých štátov 
610 2 0 |a záujmy ekonomické 
610 2 0 |a Rusko 
100 1 |a Pjatkin, A.